[Event "Baltic Sea Cup 2008"]
[Site "Ronne"]
[Date "2008.08.04"]
[Round "8"]
[White "Rostgaard, Tobias Valentin"]
[Black "Brinck Claussen, Bjorn"]
[Result "0-1"]
[WhiteElo "2035"]
[BlackElo "2296"]
[PlyCount "64"]
[EventDate "2008.07.29"]


1. e4 e6 2. d4 d5 3. Nc3 Bb4 4. e5 c5 5. Bd2 Ne7 6. Nb5 Bxd2+ 7. Qxd2 O-O 8. f4
a6 9. Nd6 cxd4 10. Nf3 Nbc6 11. Bd3 f6 12. O-O fxe5 13. fxe5 Nxe5 14. Nxe5
Rxf1+ 15. Rxf1 Qxd6 16. Nf7 Qc7 17. Qe1 h6 18. Qf2 Nf5 19. g4 Qxf7 20. gxf5 e5
21. Qh4 Qf6 22. Qh5 Bd7 23. Kh1 Rf8 24. Rg1 Bxf5 25. Rf1 Be4+ 26. Kg1 Qg5+ 27.
Qxg5 Rxf1+ 28. Bxf1 hxg5 29. c4 d3 30. cxd5 d2 31. Be2 Bc2 32. d6 Kf8 0-1

[Event "Baltic Sea Cup 2008"]
[Site "Ronne"]
[Date "2008.08.04"]
[Round "8"]
[White "Schmidt, Horst Hubert"]
[Black "Holt, Michael"]
[Result "1-0"]
[WhiteElo "1925"]
[BlackElo "1000"]
[PlyCount "57"]
[EventDate "2008.07.29"]


1. e4 e5 2. Nc3 Nc6 3. d3 Nge7 4. f4 f5 5. fxe5 Nxe5 6. Bf4 d6 7. Nf3 N7c6 8.
Qe2 g6 9. O-O-O Be6 10. d4 Nxf3 11. gxf3 Bd7 12. exf5+ Qe7 13. Qxe7+ Bxe7 14.
Nd5 O-O-O 15. f6 Bf8 16. Bb5 Kb8 17. c3 Nxd4 18. Bxd7 Ne2+ 19. Kb1 Nxf4 20.
Nxf4 Rxd7 21. Rhe1 Bh6 22. Nd5 Rf7 23. Re6 a6 24. Rde1 Rhf8 25. Re7 c6 26. Nb6
Rxe7 27. fxe7 Re8 28. Nd7+ Kc7 29. Nf6 1-0

[Event "Baltic Sea Cup 2008"]
[Site "Ronne"]
[Date "2008.08.04"]
[Round "8"]
[White "Svanholm, Borge Waaktaar"]
[Black "Caceres, Cipriano Sande"]
[Result "1-0"]
[WhiteElo "2003"]
[BlackElo "1792"]
[PlyCount "99"]
[EventDate "2008.07.29"]


1. c4 e5 2. Nc3 Nf6 3. Nf3 Nc6 4. e3 Be7 5. d4 exd4 6. Nxd4 Nxd4 7. Qxd4 O-O 8.
Be2 c6 9. e4 d6 10. Bf4 Bg4 11. f3 Be6 12. Rd1 Ne8 13. O-O Qb6 14. Qxb6 axb6
15. a3 f5 16. Be3 Bf6 17. Bd4 Bd8 18. exf5 Bxf5 19. Bd3 Bxd3 20. Rxd3 c5 21.
Be3 Bf6 22. Rf2 Rf7 23. Nb5 Rd7 24. Rfd2 Rad8 25. Bf4 Be7 26. b3 h6 27. Bg3 g5
28. Nc3 Nf6 29. Na4 Nh5 30. Nxb6 Nxg3 31. Nxd7 Rxd7 32. hxg3 Kf7 33. a4 b6 34.
Kf1 Rd8 35. Rd5 Ke6 36. Re2+ Kd7 37. Rf5 Rf8 38. Rxf8 Bxf8 39. Kf2 Bg7 40. Ke3
h5 41. Ke4 Ke6 42. Rd2 Bc3 43. Rd1 Bb2 44. Rh1 Kf6 45. Rxh5 Kg6 46. Rh1 Be5 47.
f4 Bg7 48. Rd1 Bf8 49. Kd5 g4 50. Ke6 1-0

[Event "Baltic Sea Cup 2008"]
[Site "Ronne"]
[Date "2008.08.04"]
[Round "8"]
[White "Teschke, Olaf"]
[Black "Christensen, Klaus"]
[Result "1/2-1/2"]
[WhiteElo "2298"]
[BlackElo "2034"]
[PlyCount "58"]
[EventDate "2008.07.29"]


1. d4 d5 2. c4 c6 3. cxd5 cxd5 4. Nc3 Nf6 5. Bf4 Nc6 6. e3 e6 7. Bd3 Bd6 8.
Bxd6 Qxd6 9. f4 O-O 10. Nf3 Bd7 11. O-O Rac8 12. Ne5 Be8 13. Rf3 g6 14. g4 Nd7
15. g5 f5 16. gxf6 Nxf6 17. Rc1 Qe7 18. Rf2 Bf7 19. Na4 Nxe5 20. dxe5 Rxc1 21.
Qxc1 Ng4 22. Rg2 Qh4 23. Nc3 Rc8 24. Qd2 Be8 25. Bc2 Bc6 26. Bd1 Nh6 27. Rg5 d4
28. exd4 Rd8 29. Qf2 Qxf2+ 1/2-1/2

[Event "Baltic Sea Cup 2008"]
[Site "Ronne"]
[Date "2008.08.04"]
[Round "8"]
[White "Welz, Peter"]
[Black "Von Wantoch, Markus"]
[Result "1/2-1/2"]
[WhiteElo "2169"]
[BlackElo "1907"]
[PlyCount "107"]
[EventDate "2008.07.29"]


1. e4 d5 2. exd5 Nf6 3. Bb5+ Bd7 4. Bc4 Bg4 5. f3 Bf5 6. Nc3 Nbd7 7. Nge2 Nb6
8. Bb3 Nbxd5 9. Nxd5 Nxd5 10. d4 e6 11. O-O Be7 12. Kh1 O-O 13. Ng3 Bg6 14. f4
Qd7 15. Qf3 c6 16. Bd2 Rad8 17. Rad1 Qc8 18. c4 Nf6 19. Ba5 b6 20. Bc3 h5 21.
f5 exf5 22. Nxf5 Bxf5 23. Qxf5 Qxf5 24. Rxf5 g6 25. Rf4 Ng4 26. h3 Bg5 27. Rf3
Ne3 28. Re1 Nf5 29. d5 c5 30. g4 hxg4 31. hxg4 Nd4 32. Rd3 Rfe8 33. Rxe8+ Rxe8
34. Bxd4 cxd4 35. Rxd4 Bc1 36. d6 Bxb2 37. d7 Rd8 38. Rd2 Ba3 39. Ba4 Be7 40.
Bc6 Kg7 41. Re2 Bg5 42. Re8 f5 43. gxf5 gxf5 44. Kg2 Kg6 45. Kf3 Kh5 46. a4 Kg6
47. Bb5 Kf7 48. a5 Be7 49. Ke3 Ke6 50. Ba4 Kd6 51. Kf4 Ke6 52. axb6 axb6 53.
Bc2 Kxd7 54. Rxd8+ 1/2-1/2

[Event "Baltic Sea Cup 2008"]
[Site "Ronne"]
[Date "2008.08.05"]
[Round "9"]
[White "Andersen, Dag"]
[Black "Andersen, Daniel"]
[Result "1/2-1/2"]
[WhiteElo "1944"]
[BlackElo "1969"]
[PlyCount "41"]
[EventDate "2008.07.29"]


1. d4 e6 2. c4 f5 3. g3 Nf6 4. Bg2 d5 5. Nf3 c6 6. b3 Bd6 7. O-O Qe7 8. Bb2 O-O
9. Qc2 Nbd7 10. e3 Ne4 11. Nbd2 g5 12. Ne5 g4 13. Nxe4 dxe4 14. Rfd1 Nxe5 15.
dxe5 Bc7 16. Bf1 c5 17. Bc3 b6 18. a3 Bb7 19. b4 Rfd8 20. Qb2 Rab8 21. Be2
1/2-1/2

[Event "Baltic Sea Cup 2008"]
[Site "Ronne"]
[Date "2008.08.05"]
[Round "9"]
[White "Andersen, Harry"]
[Black "Nielsen, Nicholas Roland"]
[Result "0-1"]
[WhiteElo "1904"]
[BlackElo "2198"]
[PlyCount "38"]
[EventDate "2008.07.29"]


1. e4 c5 2. Nf3 Nc6 3. d4 cxd4 4. Nxd4 Nf6 5. Nc3 e5 6. Ndb5 d6 7. Bg5 a6 8.
Na3 b5 9. Bxf6 gxf6 10. Nd5 f5 11. Bd3 Be6 12. Qh5 Rg8 13. f4 Rxg2 14. Qf3 Qh4+
15. Kf1 fxe4 16. Nc7+ Kd7 17. Bxe4 Bh3 18. Bxc6+ Kxc7 19. Qxh3 Qf2# 0-1

[Event "Baltic Sea Cup 2008"]
[Site "Ronne"]
[Date "2008.08.05"]
[Round "9"]
[White "Andersen, Jonas Odgaard"]
[Black "Jannik, Morten Emil"]
[Result "0-1"]
[WhiteElo "1000"]
[BlackElo "1534"]
[PlyCount "28"]
[EventDate "2008.07.29"]


1. e4 c6 2. Nf3 d5 3. Nc3 dxe4 4. Nxe4 Nf6 5. Nc3 Bg4 6. Bc4 e6 7. d3 Bd6 8.
O-O Nbd7 9. g3 Ne5 10. Qe1 Nxf3+ 11. Kh1 Nxe1 12. Rxe1 O-O 13. Ne4 Nxe4 14.
Rxe4 Bf3+ 0-1

[Event "Baltic Sea Cup 2008"]
[Site "Ronne"]
[Date "2008.08.05"]
[Round "9"]
[White "Andersen, Rune"]
[Black "Svanholm, Borge Waaktaar"]
[Result "1/2-1/2"]
[WhiteElo "2143"]
[BlackElo "2003"]
[PlyCount "127"]
[EventDate "2008.07.29"]


1. d4 Nf6 2. c4 g6 3. Nc3 Bg7 4. e4 d6 5. Nge2 c6 6. Ng3 Nbd7 7. Be2 a6 8. Be3
e5 9. d5 cxd5 10. cxd5 b5 11. Qd2 h5 12. f3 Bb7 13. O-O Rc8 14. Rac1 O-O 15. a3
Nc5 16. Bd1 Kh7 17. Bg5 Qe8 18. Bc2 Ncd7 19. Nd1 Ng8 20. Nf2 Bh6 21. Nh3 f6 22.
Bxh6 Nxh6 23. Bd3 Qe7 24. Qe3 Rxc1 25. Rxc1 Rc8 26. Rxc8 Bxc8 27. Qa7 Qd8 28.
Nf2 Qb6 29. Qxb6 Nxb6 30. Nf1 f5 31. Ne3 f4 32. Nc2 Ng8 33. g3 g5 34. b3 Kg6
35. Kg2 Nf6 36. Nb4 Nfd7 37. Bc2 Nc5 38. Nc6 Kf6 39. h4 gxh4 40. gxh4 Bb7 41.
Nd3 Bxc6 42. dxc6 Nxd3 43. Bxd3 Ke7 44. a4 bxa4 45. bxa4 Nxa4 46. Bxa6 Nb6 47.
c7 Kd7 48. Bb5+ Kxc7 49. Be8 Kd8 50. Bxh5 Ke7 51. Kh3 Kf6 52. Kg4 d5 53. exd5
Nxd5 54. Be8 Ne3+ 55. Kh5 e4 56. fxe4 f3 57. e5+ Kxe5 58. Kg5 f2 59. Bb5 f1=Q
60. Bxf1 Nxf1 61. h5 Ng3 62. h6 Ne4+ 63. Kg6 Nf6 64. h7 1/2-1/2

[Event "Baltic Sea Cup 2008"]
[Site "Ronne"]
[Date "2008.08.05"]
[Round "9"]
[White "Caceres, Cipriano Sande"]
[Black "Kristiansen, Orla"]
[Result "1-0"]
[WhiteElo "1792"]
[BlackElo "1940"]
[PlyCount "73"]
[EventDate "2008.07.29"]


1. c4 e5 2. Nc3 Nc6 3. g3 g6 4. Bg2 Bg7 5. e3 f5 6. Nge2 d6 7. d4 e4 8. f3 exf3
9. Bxf3 Nf6 10. O-O O-O 11. Nf4 Re8 12. Nfd5 Kh8 13. b4 Nxd5 14. Nxd5 Be6 15.
Rb1 Bg8 16. Qd3 Qd7 17. b5 Ne7 18. Nxe7 Qxe7 19. Bxb7 Rab8 20. Bc6 Rf8 21. Bb2
h5 22. d5 Be5 23. Bxe5+ dxe5 24. Rf2 Bh7 25. Qc3 g5 26. c5 Rf6 27. Rd1 Rd8 28.
Rfd2 f4 29. exf4 gxf4 30. d6 cxd6 31. Rxd6 Rfxd6 32. cxd6 Rxd6 33. Rxd6 Qxd6
34. gxf4 Kg7 35. fxe5 Qd1+ 36. Kf2 Kh6 37. Qe3+ 1-0

[Event "Baltic Sea Cup 2008"]
[Site "Ronne"]
[Date "2008.08.05"]
[Round "9"]
[White "Christensen, Klaus"]
[Black "Kogan, Artur"]
[Result "0-1"]
[WhiteElo "2034"]
[BlackElo "2569"]
[PlyCount "48"]
[EventDate "2008.07.29"]


1. d4 d5 2. c4 dxc4 3. Nf3 Nf6 4. e3 Bg4 5. Bxc4 e6 6. O-O Nbd7 7. h3 Bh5 8.
Nc3 Bb4 9. Qb3 c5 10. e4 Bxf3 11. gxf3 O-O 12. Bg5 cxd4 13. Qxb4 dxc3 14. bxc3
Qc7 15. Rac1 a5 16. Qb5 a4 17. Qb4 Ra5 18. Bb5 Ne5 19. Bxf6 gxf6 20. f4 Nf3+
21. Kg2 Qxf4 22. Rg1 Rxb5 23. Qxb5 Kh8 24. Rgd1 Rg8+ 0-1

[Event "Baltic Sea Cup 2008"]
[Site "Ronne"]
[Date "2008.08.05"]
[Round "9"]
[White "Evdokimov, Alexander A"]
[Black "Vitiugov, Nikita"]
[Result "0-1"]
[WhiteElo "2555"]
[BlackElo "2616"]
[PlyCount "94"]
[EventDate "2008.07.29"]


1. Nf3 d5 2. c4 d4 3. g3 g6 4. e3 Nc6 5. Bg2 Bg7 6. O-O Nh6 7. d3 dxe3 8. fxe3
e5 9. d4 exd4 10. exd4 Nxd4 11. Bxh6 Bxh6 12. Nxd4 Be3+ 13. Kh1 Qxd4 14. Nc3
O-O 15. Nd5 c6 16. Ne7+ Kg7 17. Qxd4+ Bxd4 18. Rad1 Be5 19. Nxc8 Raxc8 20. Rd7
Rc7 21. Rfd1 Re8 22. Bf3 Re7 23. Rxc7 Bxc7 24. Kg2 a5 25. b3 Bb6 26. Bg4 f5 27.
Bf3 Bc5 28. Rd8 Kf6 29. Rf8+ Ke5 30. Rd8 Bb4 31. Rd3 Kf6 32. Rd8 h5 33. Rf8+
Kg5 34. Rd8 Bc5 35. Rd1 h4 36. Rd8 Rh7 37. Kf1 hxg3 38. hxg3 Rh2 39. Bg2 Kg4
40. Rd3 g5 41. Rf3 Rh7 42. Rd3 Re7 43. Bf3+ Kxg3 44. Bxc6+ Be3 45. Bxb7 f4 46.
Bd5 f3 47. Ke1 g4 0-1

[Event "Baltic Sea Cup 2008"]
[Site "Ronne"]
[Date "2008.08.05"]
[Round "9"]
[White "Frisk, Hans"]
[Black "Hansen, Mads"]
[Result "1/2-1/2"]
[WhiteElo "2011"]
[BlackElo "2041"]
[PlyCount "52"]
[EventDate "2008.07.29"]


1. d4 Nf6 2. Nc3 d5 3. Bg5 c5 4. Bxf6 gxf6 5. e3 e6 6. Qh5 Qb6 7. O-O-O Bd7 8.
Nge2 Na6 9. Nf4 cxd4 10. exd4 Rc8 11. Ncxd5 exd5 12. Re1+ Kd8 13. Nxd5 Qc6 14.
Nc3 Bb4 15. Bb5 Qd6 16. Bxd7 Qxd7 17. Re3 Bxc3 18. bxc3 Kc7 19. Qf3 Kb8 20.
Qxf6 Rhe8 21. Rhe1 Rxe3 22. Rxe3 Nc7 23. Re7 Qb5 24. Qd6 Qf1+ 25. Kb2 Qxf2 26.
g4 Qf3 1/2-1/2

[Event "Baltic Sea Cup 2008"]
[Site "Ronne"]
[Date "2008.08.05"]
[Round "9"]
[White "Golod, Vitali"]
[Black "Gyimesi, Zoltan"]
[Result "1/2-1/2"]
[WhiteElo "2578"]
[BlackElo "2586"]
[PlyCount "27"]
[EventDate "2008.07.29"]


1. d4 Nf6 2. c4 e6 3. Nf3 d5 4. Nc3 Be7 5. Bg5 O-O 6. e3 h6 7. Bh4 b6 8. cxd5
Nxd5 9. Bxe7 Qxe7 10. Nxd5 exd5 11. Be2 Be6 12. O-O c5 13. Ne5 Nd7 14. Nxd7
1/2-1/2

[Event "Baltic Sea Cup 2008"]
[Site "Ronne"]
[Date "2008.08.05"]
[Round "9"]
[White "Hansen, Lars Bo"]
[Black "Brinck Claussen, Bjorn"]
[Result "1-0"]
[WhiteElo "2569"]
[BlackElo "2296"]
[PlyCount "63"]
[EventDate "2008.07.29"]


1. d4 Nf6 2. Nf3 e6 3. c4 d5 4. Nc3 c6 5. e3 Nbd7 6. Bd3 dxc4 7. Bxc4 b5 8. Be2
Bb7 9. O-O Be7 10. e4 b4 11. e5 bxc3 12. exf6 Bxf6 13. bxc3 O-O 14. Rb1 Qc8 15.
Ng5 c5 16. Qd3 Bxg5 17. Bxg5 cxd4 18. Qg3 Kh8 19. cxd4 Nb6 20. Rfc1 Qb8 21. Bf4
Qd8 22. Be5 Rg8 23. Rc7 Be4 24. Rxf7 Bg6 25. Rb7 Nd7 26. Rc1 Rc8 27. Rxc8 Qxc8
28. Rc7 Qd8 29. h3 a5 30. Bc4 Bf5 31. d5 Qe8 32. d6 1-0

[Event "Baltic Sea Cup 2008"]
[Site "Ronne"]
[Date "2008.08.05"]
[Round "9"]
[White "Hansen, Soren Otto"]
[Black "Christensen, John"]
[Result "0-1"]
[WhiteElo "1682"]
[BlackElo "2116"]
[PlyCount "78"]
[EventDate "2008.07.29"]


1. e4 b6 2. d4 e6 3. Nf3 Bb7 4. Bd3 c5 5. c3 Be7 6. O-O d6 7. Qe2 a6 8. Rd1 Nd7
9. Nbd2 g5 10. Nf1 g4 11. Ne1 h5 12. f4 gxf3 13. Nxf3 Qc7 14. Bf4 b5 15. Rac1
c4 16. Bb1 e5 17. Bg5 O-O-O 18. Ng3 f6 19. Bh4 Nh6 20. Nf5 Bf8 21. b4 Rg8 22.
Bc2 Nxf5 23. exf5 Bh6 24. Ra1 Rg4 25. d5 Rdg8 26. Bg3 Nb6 27. Be4 Na4 28. Qc2
Bf4 29. Nh4 Bxg3 30. hxg3 Rxg3 31. Bf3 R8g5 32. Rac1 Rh3 33. Ng6 Rxf3 34. Qe4
Rfg3 35. Rd2 Qb6+ 36. Kh1 Nxc3 37. Rxc3 Rxc3 38. Ne7+ Kd8 39. Ng6 Rc1+ 0-1

[Event "Baltic Sea Cup 2008"]
[Site "Ronne"]
[Date "2008.08.05"]
[Round "9"]
[White "Hansen, Thomas"]
[Black "Johansen, Johnny Holler"]
[Result "0-1"]
[WhiteElo "1364"]
[BlackElo "2029"]
[PlyCount "106"]
[EventDate "2008.07.29"]


1. e4 c5 2. Nf3 Nc6 3. Nc3 d6 4. d4 cxd4 5. Nxd4 a6 6. a4 g6 7. Be3 Bg7 8. Bc4
Nf6 9. O-O Bd7 10. f3 Rc8 11. Nxc6 Bxc6 12. Bb3 O-O 13. Qd2 Bd7 14. Bh6 Be6 15.
Ra3 Bxh6 16. Qxh6 Qa5 17. Qd2 Rc5 18. Kh1 Rfc8 19. Rd1 Qc7 20. g4 Nd7 21. Bxe6
fxe6 22. f4 Nb6 23. Raa1 Nc4 24. Qc1 Nxb2 25. Qxb2 Rxc3 26. Rab1 Rxc2 27. Qxb7
Qc3 28. Qb3 Qxb3 29. Rxb3 R8c4 30. Rb7 Kf8 31. Rb8+ Rc8 32. Rb6 R2c6 33. a5 Ke8
34. Rdb1 Rxb6 35. Rxb6 Rc4 36. Rxa6 Rxe4 37. Ra7 Rxf4 38. h3 Ra4 39. Kg2 Ra3
40. a6 Kf7 41. Ra8 e5 42. a7 Ke6 43. h4 d5 44. Kf2 e4 45. Ke2 Ke5 46. Rh8 Rxa7
47. Rxh7 Kf4 48. h5 gxh5 49. gxh5 Ra2+ 50. Kf1 Rh2 51. Rf7+ Ke3 52. Rxe7 Rxh5
53. Ra7 d4 0-1

[Event "Baltic Sea Cup 2008"]
[Site "Ronne"]
[Date "2008.08.05"]
[Round "9"]
[White "Holt, Michael"]
[Black "Hein, Jacob"]
[Result "0-1"]
[WhiteElo "1000"]
[BlackElo "1603"]
[PlyCount "74"]
[EventDate "2008.07.29"]


1. b3 e5 2. Bb2 d6 3. e4 Nf6 4. d3 Bd7 5. Nf3 h6 6. Be2 g5 7. h3 Rg8 8. g4 h5
9. Nh2 h4 10. f3 Nc6 11. Nd2 Qe7 12. Nc4 Nd4 13. Qd2 O-O-O 14. Bxd4 exd4 15. f4
d5 16. Ne5 gxf4 17. Nxd7 dxe4 18. Nxf6 e3 19. Qc1 Qxf6 20. Nf3 Bb4+ 21. Kd1
Rge8 22. a3 Bc3 23. Rb1 a5 24. a4 Qc6 25. Rf1 Qd6 26. Nxh4 Qh6 27. Nf5 Qxh3 28.
Rxf4 Rh8 29. Rf1 Qxf1+ 30. Bxf1 Rh1 31. Ng3 Rg1 32. Ke2 Rxg3 33. Qa3 Rh8 34.
Bg2 Rxg2+ 35. Kf3 Rf2+ 36. Kg3 Bb4 37. Qc1 Bd6# 0-1

[Event "Baltic Sea Cup 2008"]
[Site "Ronne"]
[Date "2008.08.05"]
[Round "9"]
[White "Iljushin, Alexei"]
[Black "Kuzubov, Yuriy"]
[Result "1/2-1/2"]
[WhiteElo "2546"]
[BlackElo "2578"]
[PlyCount "42"]
[EventDate "2008.07.29"]


1. d4 Nf6 2. c4 e6 3. g3 Bb4+ 4. Bd2 Qe7 5. Bg2 Nc6 6. Nf3 Bxd2+ 7. Nbxd2 d6 8.
O-O O-O 9. e4 e5 10. d5 Nb8 11. Ne1 a5 12. Nd3 Na6 13. b3 c6 14. a3 cxd5 15.
cxd5 Bd7 16. Re1 Bb5 17. Nb2 Nc5 18. Re3 Rfc8 19. Rc1 Rc7 20. Rec3 Rac8 21. f3
Nd3 1/2-1/2

[Event "Baltic Sea Cup 2008"]
[Site "Ronne"]
[Date "2008.08.05"]
[Round "9"]
[White "Jensen, Byrial"]
[Black "Knof, Henrike"]
[Result "1-0"]
[WhiteElo "1656"]
[BlackElo "1477"]
[PlyCount "47"]
[EventDate "2008.07.29"]


1. e4 e5 2. Bc4 Nf6 3. d4 exd4 4. Nf3 Nxe4 5. Qxd4 Nf6 6. Bg5 Be7 7. Nc3 O-O 8.
O-O-O c6 9. Qh4 h6 10. Bxh6 gxh6 11. Qxh6 Ng4 12. Qg6+ Kh8 13. Qxg4 d5 14. Qh5+
Kg7 15. Ne5 Bg5+ 16. Kb1 Qf6 17. Nf3 Bf4 18. Nxd5 cxd5 19. Qxd5 Nc6 20. g3 Be6
21. Qe4 Bxc4 22. Qxc4 Bxg3 23. Qg4+ Kh8 24. hxg3+ 1-0

[Event "Baltic Sea Cup 2008"]
[Site "Ronne"]
[Date "2008.08.05"]
[Round "9"]
[White "Koop, Soeren"]
[Black "Poulsen, Iver"]
[Result "0-1"]
[WhiteElo "1897"]
[BlackElo "2147"]
[PlyCount "102"]
[EventDate "2008.07.29"]


1. e4 c5 2. Nf3 Nc6 3. d4 cxd4 4. Nxd4 e6 5. Nc3 Qc7 6. Be3 a6 7. Be2 Nf6 8.
O-O Bb4 9. Bd3 Ne5 10. Nde2 Ng6 11. h3 O-O 12. Na4 b5 13. Nb6 Rb8 14. Nxc8
Rfxc8 15. c3 Bc5 16. Bxc5 Qxc5 17. a4 bxa4 18. Rxa4 Rxb2 19. Bxa6 Ra8 20. Qa1
Rxa6 21. Rxa6 Rxe2 22. Ra8+ Nf8 23. Ra5 Qc7 24. Ra7 Qf4 25. Ra8 Qxe4 26. Qa3 d6
27. Qa7 Re1 28. Rxe1 Qxe1+ 29. Kh2 h6 30. Qe7 N6h7 31. Qxd6 Qxc3 32. f3 g5 33.
Ra7 Qf6 34. Kg3 Ng6 35. Ra8+ Kg7 36. Qb8 Qf4+ 37. Qxf4 gxf4+ 38. Kf2 Ng5 39.
Ra4 e5 40. Ra5 Kf6 41. Ra6+ Ne6 42. g3 fxg3+ 43. Kxg3 h5 44. Ra7 Nd4 45. Rb7
Nf5+ 46. Kg2 Nf4+ 47. Kh2 h4 48. Ra7 Nd4 49. Ra3 Kf5 50. Re3 Nfe6 51. Ra3 Ng5
0-1

[Event "Baltic Sea Cup 2008"]
[Site "Ronne"]
[Date "2008.08.05"]
[Round "9"]
[White "Koop, Th Boerge"]
[Black "Adolfssen, Rico"]
[Result "1-0"]
[WhiteElo "1568"]
[BlackElo "1933"]
[PlyCount "95"]
[EventDate "2008.07.29"]


1. e4 c6 2. d4 d5 3. exd5 cxd5 4. Bd3 Nc6 5. c3 g6 6. Bf4 Bg7 7. Nf3 Nf6 8.
Nbd2 O-O 9. Qc2 a5 10. O-O Bd7 11. Ne5 Rc8 12. Nxc6 Bxc6 13. Rfe1 Re8 14. Nf3
Nh5 15. Be3 Qc7 16. Qd2 f5 17. Bh6 Bh8 18. Ne5 e6 19. Re3 Bxe5 20. dxe5 Red8
21. Be2 Ng7 22. Qd4 Qd7 23. h4 Bb5 24. Re1 Bxe2 25. R1xe2 Rc4 26. Qb6 Rxh4 27.
Bg5 Rc8 28. Bxh4 f4 29. Rf3 h6 30. Bf6 g5 31. Bxg7 Kxg7 32. Qd6 Qe8 33. Qb6 Qf7
34. g3 Rc6 35. Qd8 Qh5 36. Qf6+ Kg8 37. Kg2 a4 38. a3 Rc4 39. Qxe6+ Kh7 40.
Qxd5 g4 41. Qd7+ Kh8 42. Rxf4 Rxf4 43. gxf4 g3 44. Rd2 Qh2+ 45. Kf3 Qh1+ 46.
Kg4 g2 47. Qd8+ Kg7 48. Qf6+ 1-0

[Event "Baltic Sea Cup 2008"]
[Site "Ronne"]
[Date "2008.08.05"]
[Round "9"]
[White "Kristensen, Torben"]
[Black "Christensen, Svend Ib"]
[Result "0-1"]
[WhiteElo "1262"]
[BlackElo "1531"]
[PlyCount "86"]
[EventDate "2008.07.29"]


1. d4 d5 2. Nf3 b6 3. e3 Nf6 4. Nc3 e6 5. Ne5 Bb7 6. Bd2 a6 7. Bd3 Nbd7 8. f4
Ne4 9. O-O g6 10. Be1 Be7 11. Qf3 f5 12. Qh3 Nxe5 13. fxe5 Qd7 14. a4 O-O-O 15.
Qf3 c5 16. b3 Kb8 17. Qe2 Qc8 18. Nd1 Rd7 19. c4 Ka7 20. a5 Bd8 21. Nb2 b5 22.
cxb5 axb5 23. a6 Bc6 24. Bxb5 Bxb5 25. Qxb5 Bb6 26. Ba5 Bxa5 27. Rxa5 Qc7 28.
Rc1 Rb8 29. Qa4 Rb4 30. Qa2 Qb8 31. Ra3 c4 32. Nxc4 Rc7 33. Rb1 Nc3 34. Qf2
Nxb1 35. Ra5 Rxb3 36. Nd6 Rc1+ 37. Qf1 Rxf1+ 38. Kxf1 Nc3 39. Kf2 Ne4+ 40. Nxe4
fxe4 41. Kg3 Qf8 42. h3 Rxe3+ 43. Kh2 Qf4+ 0-1

[Event "Baltic Sea Cup 2008"]
[Site "Ronne"]
[Date "2008.08.05"]
[Round "9"]
[White "Lilleoren, Morten"]
[Black "Berg, Peter"]
[Result "1/2-1/2"]
[WhiteElo "2105"]
[BlackElo "1998"]
[PlyCount "45"]
[EventDate "2008.07.29"]


1. c4 d6 2. Nc3 e5 3. g3 f5 4. Bg2 Nf6 5. d3 Be7 6. Nf3 O-O 7. O-O c6 8. Rb1
Qe8 9. e3 Nh5 10. c5 f4 11. cxd6 Bxd6 12. Ne4 Bc7 13. Bd2 fxe3 14. Bxe3 Nd7 15.
b4 Kh8 16. Qc2 Ndf6 17. Nfd2 Nd5 18. Bc5 Rg8 19. a4 Qg6 20. b5 Ndf4 21. bxc6 b6
22. Be3 Nxg2 23. Kxg2 1/2-1/2

[Event "Baltic Sea Cup 2008"]
[Site "Ronne"]
[Date "2008.08.05"]
[Round "9"]
[White "Lund, Silas"]
[Black "Jahncke, Giso"]
[Result "1-0"]
[WhiteElo "2431"]
[BlackElo "2052"]
[PlyCount "75"]
[EventDate "2008.07.29"]


1. d4 Nf6 2. c4 c5 3. d5 e6 4. Nc3 exd5 5. cxd5 d6 6. Nf3 g6 7. Bg5 Bg7 8. e3
O-O 9. Nd2 h6 10. Bh4 a6 11. a4 Qc7 12. Be2 Nbd7 13. h3 Ne8 14. Be7 f5 15. Bxf8
Nxf8 16. a5 b5 17. axb6 Qxb6 18. Nc4 Qd8 19. O-O g5 20. Ra3 g4 21. hxg4 fxg4
22. Bxg4 Qh4 23. Bxc8 Rxc8 24. g3 Qh3 25. Rxa6 Nf6 26. Qf3 N8h7 27. Qg2 Qg4 28.
f4 Re8 29. Rxd6 Nh5 30. Re6 Rxe6 31. dxe6 Bxc3 32. e7 N7f6 33. bxc3 Nxg3 34.
Rf3 Ne2+ 35. Kf1 Qxg2+ 36. Kxg2 Kf7 37. Ne5+ Kxe7 38. c4 1-0

[Event "Baltic Sea Cup 2008"]
[Site "Ronne"]
[Date "2008.08.05"]
[Round "9"]
[White "Magnussen, Helge"]
[Black "Schmidt, Horst Hubert"]
[Result "1-0"]
[WhiteElo "2012"]
[BlackElo "1925"]
[PlyCount "139"]
[EventDate "2008.07.29"]


1. d4 Nf6 2. c4 e6 3. Nc3 d5 4. Bg5 c6 5. Nf3 Be7 6. e3 h6 7. Bh4 O-O 8. Rc1 a6
9. Bd3 Nbd7 10. cxd5 exd5 11. O-O Re8 12. Bb1 Nf8 13. Ne5 N6d7 14. Bxe7 Qxe7
15. Nd3 Nf6 16. Nc5 Bg4 17. Qd2 Ne6 18. b4 Rad8 19. a4 Nxc5 20. bxc5 Qc7 21.
Qb2 Bc8 22. Ne2 Ng4 23. Ng3 h5 24. Rfe1 h4 25. Nf1 h3 26. f3 hxg2 27. Qxg2 Nf6
28. Ng3 Bd7 29. h3 Qc8 30. Kf2 g6 31. Rh1 Kg7 32. h4 Rh8 33. h5 Rdg8 34. hxg6
Rxh1 35. Rxh1 fxg6 36. Nh5+ Kf7 37. Nxf6 Kxf6 38. Qg3 Rg7 39. Qf4+ Ke7 40. Qd6+
Kf7 41. Rh4 Qe8 42. Rh6 Qe6 43. Qc7 Qe7 44. Qxb7 g5 45. Rd6 Kf8 46. Qb8+ Kf7
47. Qh8 g4 48. Qh5+ Kf8 49. Rh6 g3+ 50. Ke2 g2 51. Rh8+ Rg8 52. Qh6+ Qg7 53.
Rxg8+ Kxg8 54. Qxg7+ Kxg7 55. Kf2 Bh3 56. a5 Kf6 57. Bd3 g1=Q+ 58. Kxg1 Bc8 59.
Kf2 Kg5 60. Kg3 Bb7 61. e4 dxe4 62. fxe4 Kf6 63. Kf4 Ke6 64. Bc4+ Kf6 65. d5
Ke7 66. d6+ Kd8 67. e5 Kd7 68. e6+ Ke8 69. Be2 Kd8 70. e7+ 1-0

[Event "Baltic Sea Cup 2008"]
[Site "Ronne"]
[Date "2008.08.05"]
[Round "9"]
[White "Medvegy, Nora"]
[Black "Marzano, Carlo"]
[Result "1-0"]
[WhiteElo "2353"]
[BlackElo "2177"]
[PlyCount "159"]
[EventDate "2008.07.29"]


1. d4 d5 2. c4 c6 3. Nf3 Nf6 4. Qb3 e6 5. Bg5 h6 6. Bxf6 Qxf6 7. e3 Nd7 8. Nc3
Bd6 9. Bd3 O-O 10. O-O Re8 11. Rfe1 Bf8 12. Rad1 dxc4 13. Bxc4 b5 14. Bd3 Bb7
15. Ne4 Qe7 16. Bb1 f5 17. Ned2 Qb4 18. Qc2 c5 19. e4 fxe4 20. Nxe4 Bxe4 21.
Rxe4 Qc4 22. Qxc4 bxc4 23. dxc5 Nxc5 24. Rxc4 Rab8 25. b3 Rbd8 26. Rdc1 Nd3 27.
Bxd3 Rxd3 28. Kf1 Red8 29. Ke2 R3d5 30. R1c2 a5 31. Nd2 Bb4 32. Ne4 Rd1 33. Rc8
Re1+ 34. Kf3 Rxc8 35. Rxc8+ Kf7 36. Rc2 Rh1 37. h3 Ra1 38. g3 Re1 39. h4 Rh1
40. Kf4 Rd1 41. Rc7+ Be7 42. h5 Ra1 43. Ke5 Rd1 44. g4 Rd5+ 45. Kf4 Rd1 46. Ra7
Rd5 47. Rb7 Kf8 48. Ke3 Ba3 49. Kf3 Bb4 50. Ke2 Ba3 51. Nd2 Re5+ 52. Kf3 Bb4
53. Nc4 Rd5 54. Ke4 Bc3 55. f3 Rd4+ 56. Ke3 Rd5 57. a3 Rd1 58. Rb5 Ra1 59. Nxa5
Rxa3 60. Nc4 Ra1 61. Kd3 Be1 62. Rb7 Rc1 63. Ne5 Bg3 64. Ng6+ Kg8 65. f4 Rd1+
66. Ke3 Rd8 67. b4 Kh7 68. Kf3 Bh2 69. b5 Bg1 70. Rf7 Bc5 71. Rc7 Bg1 72. Rc6
e5 73. fxe5 Rb8 74. e6 Bd4 75. Rc7 Bf6 76. Rf7 Be7 77. Nxe7 Rxb5 78. Nf5 Rb3+
79. Ke2 Kh8 80. e7 1-0

[Event "Baltic Sea Cup 2008"]
[Site "Ronne"]
[Date "2008.08.05"]
[Round "9"]
[White "Mejlvang, Jens Peter"]
[Black "Welz, Peter"]
[Result "0-1"]
[WhiteElo "1845"]
[BlackElo "2169"]
[PlyCount "78"]
[EventDate "2008.07.29"]


1. e4 e6 2. d4 d5 3. Nc3 Bb4 4. exd5 Qxd5 5. Nf3 Nf6 6. Bd3 b6 7. O-O Bxc3 8.
bxc3 Bb7 9. c4 Qh5 10. Be2 Qf5 11. Nh4 Qa5 12. Bf3 Qa6 13. Bf4 c6 14. Qe2 O-O
15. a4 Nbd7 16. Rfb1 c5 17. Bxb7 Qxb7 18. dxc5 Nxc5 19. a5 Qe4 20. Qxe4 Nfxe4
21. f3 Nc3 22. Re1 h6 23. g3 g5 24. Bd2 N3a4 25. Ng2 Rfd8 26. Bb4 bxa5 27. Bxa5
Rdc8 28. Ne3 Nb6 29. Reb1 Nbd7 30. f4 gxf4 31. gxf4 Kh7 32. f5 Rg8+ 33. Kf1 Rg5
34. fxe6 fxe6 35. Bc7 Ne4 36. Rb7 Rf8+ 37. Ke2 Rf2+ 38. Kd3 Ndc5+ 39. Kd4 Rd2#
0-1

[Event "Baltic Sea Cup 2008"]
[Site "Ronne"]
[Date "2008.08.05"]
[Round "9"]
[White "Roiz, Michael"]
[Black "Savchenko, Boris"]
[Result "1/2-1/2"]
[WhiteElo "2680"]
[BlackElo "2578"]
[PlyCount "25"]
[EventDate "2008.07.29"]


1. Nf3 c5 2. c4 Nc6 3. Nc3 Nf6 4. e3 e6 5. d4 d5 6. a3 cxd4 7. exd4 g6 8. c5
Bg7 9. Bb5 Bd7 10. b4 Ne4 11. Qd3 Nxc3 12. Qxc3 a5 13. Rb1 1/2-1/2